Introducción a piaget: pensamiento, aprendizaje, enseñanza /

Guardado en:
Formato: Libro
Publicado: Estados Unidos de América : Addison-wesleyn Iberoamericana, 1987
Etiquetas: Agregar Etiqueta
Sin Etiquetas, Sea el primero en etiquetar este registro!
LEADER 00578nam a22001575a 4500
001 CEM.cems003652
005 19000101000000.0
008 130507s1987##################000#0#####d
003 CEMS
082 0 4 |a 371 
245 0 0 |a Introducción a piaget: pensamiento, aprendizaje, enseñanza / 
260 |a Estados Unidos de América :  |b Addison-wesleyn Iberoamericana,  |c 1987 
300 |a 309 p. 
859 |a CEMS  |b BIB. CEMS - 11 de abril  |h 371  |i L113  |p 16022.90  |t Ej.1 
859 |a CEMS  |b BIB. CEMS - 11 de abril  |h 371  |i L113  |p 16114.91  |t Ej.2 
859 |a CEMS  |b BIB. CEMS - 11 de abril  |h 371  |i L113  |p 16469.91  |t Ej.3